=LDR 00000nam 2200000 4500 =001 INLIS000000000059102 =990 ##$$a 3202102340 =990 ##$$a 3202102339 =005 20211025082345 =990 ##$$a 3202102339 =990 ##$$a 3202102340 =035 ##$$a 0010-1021000550 =007 ta =008 211025###########################0#ind## =020 ##$$a 978-602-8506-74-8 =082 ##$$a 503 =084 ##$$a 503 Fac e =245 1#$$a Ensiklopedia IPTEK Bahan dan Teknologi /$c Fachri Aljupri =250 ##$$a Cet.1 =300 ##$$a vi, 144 halaman : $b Ilustrasi ; $c 28 cm =650 #4$$a Ilmu Pengetahuan dan Teknologi - Endsiklopedia =264 ##$$a jakarta :$b Multazam Mulia Utama,$c 2010 =336 ##$$a teks$2 rdacontent =337 ##$$a lain-lain$2 rdamedia =338 ##$$a lain-lain$2 rdacarrier =990 ##$$a 23392339 =990 ##$$a 23392339